Duarte (Record no. 95707)

MARC details
000 -LEADER
campo de control de longitud fija 00476nam a2200193 i 4500
001 - NÚMERO DE CONTROL
campo de control 49729
005 - FECHA Y HORA DE LA ÚLTIMA TRANSACCIÓN
campo de control 20230410143110.0
008 - DATOS DE LONGITUD FIJA--INFORMACIÓN GENERAL
campo de control de longitud fija 071114b1983 dr a 000 0 spa
040 ## - FUENTE DE CATALOGACIÓN
Centro catalogador/agencia de origen DRFGD
-- spa
041 0# - CÓDIGO DE IDIOMA
Código de lengua del texto/banda sonora o título independiente spa
050 14 - SIGNATURA TOPOGRÁFICA DE LA BIBLIOTECA DEL CONGRESO
Número de clasificación bB174d1983
100 1# - ENTRADA PRINCIPAL--NOMBRE DE PERSONA
Nombre de persona Balcacer Daniel Juan.
245 00 - MENCIÓN DEL TÍTULO
Título Duarte
Resto del título Para estudiantes /
Mención de responsabilidad, etc. Juan Daniel Balcacer.
250 ## - MENCION DE EDICION
Mención de edición 2.da
260 ## - PUBLICACIÓN, DISTRIBUCIÓN, ETC.
Lugar de publicación, distribución, etc. Santo Domingo
Nombre del editor, distribuidor, etc. Alfa y Omega ,
Fecha de publicación, distribución, etc. 1983
300 ## - DESCRIPCIÓN FÍSICA
Extensión :46p.
942 ## - ELEMENTOS DE ENTRADA SECUNDARIOS (KOHA)
Fuente del sistema de clasificación o colocación Clasificación de Library of Congress
Tipo de ítem Koha
946 ## - PROCESAMIENTO DE INFORMACIÓN LOCAL (OCLC)
a clperez
Holdings
Estatus retirado Estado de pérdida Fuente del sistema de clasificación o colocación Estado de daño No para préstamo Colección Biblioteca de origen Biblioteca actual Ubicación en estantería Fecha de adquisición Signatura topográfica completa Código de barras Visto por última vez Copia número Tipo de ítem Koha
    Clasificación de Library of Congress     Automatización y Procesos Técnicos Biblioteca Juan Bosch Biblioteca Juan Bosch Automatización y Procesos Técnicos (1er. Piso) 10/04/2023 B174d1983 00000050824 21/01/2019 1